000 01877cam a2200337 i 4500
003 SA-RiAUC
005 20241225074920.0
008 241224s1986 le g 000 0 ara c
040 _aAE-AiULD
_bara
_cSA-RiAUC
_erda
050 4 _bI26 1986 suppl.
082 0 4 _a237.6
090 _a237.6
_bم ر ع
100 1 _aالمرعشلي، يوسف عبد الرحمن،
_d1952-
_eمؤلف.
245 1 0 _aفهرس أحاديث تلخيص الحبير في تخريج أحاديث الرافعي الكبير لخاتمة الحفاظ شيخ الإسلام الإمام أبي الفضل شهاب الدين أحمد بن علي العسقلاني /
_cإعداد يوسف عبد الرحمن المرعشلي.
250 _aالطبعة الأولى.
264 1 _aبيروت :
_bدار المعرفة،
_c1986
300 _a468 صفحة ؛
_c24 سم
336 _aنص
_btxt
_2rdacontent
_3كتاب
337 _aبدون وسيط
_bn
_2rdamedia
338 _aمجلد
_bnc
_2rdacarrier
650 7 _aالحديث
_vكشافات
_2aucsh
700 1 2 _aابن حجر العسقلاني، أحمد بن علي بن محمد،
_d773-852 هجري
700 1 2 _aالرافعي، عبد الكريم بن محمد بن عبد الكريم،
_d557-623 هجري
700 1 2 _aالغزالي، محمد بن محمد بن محمد،
_cحجة الإسلام،
_d450-505 هجري
740 2 2 _aالشرح الكبير في شرح الوجيز، المسمى، فتح العزيز على كتاب الوجيز في الفقه الشافعي.
740 2 2 _aفتح العزيز على كتاب الوجيز في الفقه الشافعي.
740 2 2 _aالوجيز في فقه الإمام الشافعي.
740 0 2 _aتلخيص الحبير في تخريج أحاديث الرافعي الكبير.
942 _2ddc
_cBOOK
_n0
949 _aSA-JeALM
_d241224
_uosman123
_n1
999 _c3941
_d3941